Elements of education (Record no. 2003)

MARC details
000 -LEADER
fixed length control field 00449cam a2200181ua 4500
008 - FIXED-LENGTH DATA ELEMENTS--GENERAL INFORMATION
fixed length control field 110805n ii |||gr||||Z||||||eng
040 ## - CATALOGING SOURCE
Transcribing agency MAIN
082 ## - DEWEY DECIMAL CLASSIFICATION NUMBER
Classification number 370.1
100 ## - MAIN ENTRY--PERSONAL NAME
Personal name Das, Lakshahira,
Relator term
245 1# - TITLE STATEMENT
Title Elements of education
Statement of responsibility, etc. by Lakshahira Das
250 ## - EDITION STATEMENT
Edition statement 7th.
260 ## - PUBLICATION, DISTRIBUTION, ETC.
Place of publication, distribution, etc. Guahati:
Name of publisher, distributor, etc. Premier Publishers,969.
300 ## - PHYSICAL DESCRIPTION
Extent 102p:
Other physical details ill;9cm.
942 ## - ADDED ENTRY ELEMENTS (KOHA)
Koha item type Books
653 ## - INDEX TERM--UNCONTROLLED
Uncontrolled term Education
653 ## - INDEX TERM--UNCONTROLLED
Uncontrolled term Elements of education
Holdings
Withdrawn status Lost status Damaged status Not for loan Home library Current library Shelving location Date acquired Total Checkouts Full call number Barcode Date last seen Copy number Price effective from Koha item type
        Central Library, Naharkatiya College Central Library, Naharkatiya College General Stacks 19/09/2020   370.1 | DAS 11079 19/09/2020 1 19/09/2020 Books

Naharkatiya College © 2020. All rights reserved.

Powered By